All Zadar County settlements - Statistics

General Stats
  • This quiz has been taken 172 times
  • The average score is 68 of 234
Answers on the Map
Answers color-coded by a green-red scale on the quiz's map according to % correct below.
 
Answer Stats
Answer % Correct
Zadar
98%
Benkovac
93%
Biograd na Moru
93%
Nin
90%
Bibinje
88%
Pag
88%
Vir
88%
Škabrnja
80%
Ugljan
80%
Kožino
78%
Zemunik Donji
78%
Zemunik Gornji
78%
Crno
75%
Sukošan
75%
Pakoštane
70%
Vrsi
70%
Ninski Stanovi
68%
Novigrad
68%
Petrčane
68%
Posedarje
68%
Preko
68%
Privlaka
68%
Starigrad
68%
Murvica
65%
Poličnik
65%
Ražanac
65%
Zaton
65%
Islam Latinski
63%
Kukljica
63%
Obrovac
63%
Sali
63%
Sveti Filip i Jakov
63%
Drage
60%
Gračac
60%
Islam Grčki
60%
Kali
60%
Silba
60%
Maslenica
58%
Pašman
58%
Briševo
55%
Galovac
55%
Poljica
55%
Vrana
55%
Pridraga
53%
Sveti Petar na Moru
53%
Jasenice
48%
Ljubač
48%
Molat
48%
Polača
48%
Poljica-Brig
48%
Turanj
48%
Debeljak
45%
Olib
45%
Povljana
45%
Stankovci
45%
Tkon
45%
Veli Iž
45%
Visočane
45%
Žerava
45%
Gorica
43%
Seline
43%
Donji Karin
40%
Gornji Karin
40%
Ist
40%
Kolan
40%
Mali Iž
40%
Medviđa
40%
Rovanjska
40%
Rtina
40%
Smilčić
40%
Smoković
40%
Srb
40%
Babindub
38%
Donje Raštane
38%
Gornje Raštane
38%
Krneza
38%
Murvica Gornja
38%
Nadin
38%
Radovin
38%
Suhovare
38%
Dračevac Ninski
35%
Lišane Ostrovičke
35%
Lovinac
35%
Neviđane
35%
Paljuv
35%
Sikovo
35%
Zaton Obrovački
35%
Jovići
33%
Kruševo
33%
Šimuni
33%
Sutomišćica
33%
Tinj
33%
Vinjerac
33%
Vrgada
33%
Gornji Poličnik
30%
Korlat
30%
Podgradina
30%
Prkos
30%
Rupalj
30%
Božava
28%
Dinjiška
28%
Kula Atlagić
28%
Lukoran
28%
Premuda
28%
Rava
28%
Slivnica
28%
Šopot
28%
Vlašići
28%
Zelengrad
28%
Brbinj
25%
Gornje Biljane
25%
Grbe
25%
Tribanj
25%
Babac
23%
Banj
23%
Benkovačko Selo
23%
Donje Biljane
23%
Lišane Tinjske
23%
Miškovići
23%
Poljana
23%
Pristeg
23%
Raštević
23%
Veli Rat
23%
Bruška
20%
Buković
20%
Dobropoljana
20%
Glavica
20%
Grgurice
20%
Kraj
20%
Mandre
20%
Mrljane
20%
Ošljak
20%
Popovići
20%
Radašinovci
20%
Sestrunj
20%
Ždrelac
20%
Bruvno
18%
Dobra Voda
18%
Kakma
18%
Košljun
18%
Lepuri
18%
Lisičić
18%
Luka
18%
Ostrovica
18%
Zaglav
18%
Zapuntel
18%
Žman
18%
Zverinac
18%
Banjevci
15%
Brgulje
15%
Donje Ceranje
15%
Gornje Ceranje
15%
Miranje
15%
Muškovci
15%
Soline
15%
Ždrilo
15%
Barotul
13%
Donja Jagodnja
13%
Donji Kašić
13%
Dragove
13%
Kaštel Žegarski
13%
Mazin
13%
Podlug
13%
Rivanj
13%
Rodaljice
13%
Savar
13%
Verunić
13%
Zapužane
13%
Budak
10%
Gornja Jagodnja
10%
Kožlovac
10%
Podgrađe
10%
Smokvica
10%
Stara Vas
10%
Ugrinić
10%
Zagrad
10%
Zrmanja
10%
Bila Vlaka
8%
Bjelina
8%
Brgud
8%
Cerovac
8%
Otrić
8%
Perušić Benkovački
8%
Vukšić
8%
Zrmanja Vrelo
8%
Bilišane
5%
Bulić
5%
Crljenik
5%
Golubić
5%
Kom
5%
Krupa
5%
Rudopolje Bruvanjsko
5%
Velim
5%
Vrčići
5%
Bogatnik
3%
Brotnja
3%
Dabašnica
3%
Deringaj
3%
Donja Suvaja
3%
Duboki Dol
3%
Glogovo
3%
Gornja Suvaja
3%
Grab
3%
Gubavčevo Polje
3%
Kaldrma
3%
Komazeci
3%
Kunovac Kupirovački
3%
Kupirovo
3%
Morpolača
3%
Nadvrelo
3%
Neteka
3%
Omsica
3%
Osredci
3%
Prljevo
3%
Prović
3%
Rastičevo
3%
Tiškovac Lički
3%
Velika Popina
3%
Vučipolje
3%
Zaklopac
3%
Begluci
0%
Bošana
0%
Dobropoljci
0%
Drenovac Osredački
0%
Dugopolje
0%
Kijani
0%
Kolanjski Gajac
0%
Kolarina
0%
Nadvoda
0%
Palanka
0%
Perušić Donji
0%
Pribudić
0%
Tomingaj
0%
No matching quizzes found
Score Distribution
Percent of People with Each Score
Percentile by Number Answered
Your Score History
You have not taken this quiz